LEADER 01747nas 2200517- 450 001 9910147210503321 005 20240916213021.0 011 $a1808-5245 035 $a(OCoLC)191101063 035 $a(CKB)1000000000294945 035 $a(CONSER)--2008263043 035 $a(MiAaPQ)2032694 035 $a(DE-599)ZDB2393964-3 035 $a(IL-JeEL)991000000000294945 035 $a(EXLCZ)991000000000294945 100 $a20080124a20039999 --- - 101 0 $apor 135 $aur||||||||||| 181 $ctxt$2rdacontent 182 $cc$2rdamedia 183 $acr$2rdacarrier 200 00$aEm questão 210 1$aPorto Alegre, RS, Brasil :$cPrograma de Pós-graduação em Comunicação da Universidade Federal do Rio Grande do Sul,$d2003- 215 $a1 online resource 300 $aRefereed/Peer-reviewed 311 08$a1807-8893 330 $a"Dedicada às áreas de Comunicação e Ciência da Informação até 2013, a revista passou por uma importante mudança de escopo em 2014, passando a receber apenas textos da Ciência da Informação e áreas correlatas" 517 1 $aEmquestão 517 1 $aEQ 517 1 $aRevista da Faculdade de Biblioteconomia e Comunicação da UFRGS 531 1 $aEm Quest. 606 $aCommunication 606 $aLibrary science 606 $aInformation science 606 $aPeriodicals 607 $aBrazil 615 0$aCommunication. 615 0$aLibrary science. 615 0$aInformation science. 615 0$aPeriodicals. 676 $a070 712 02$aUniversidade Federal do Rio Grande do Sul.$bPrograma de Pós-graduação em Comunicação, 906 $aJOURNAL 912 $a9910147210503321 996 $aEm questão$91956187 997 $aUNINA